| 000 | 00000nas 2200000za 4500 |
| 001 | 9.846834 |
| 003 | CaOODSP |
| 005 | 20221107153311 |
| 007 | cr ||||||||||| |
| 008 | 171108d19861992oncar p orr f0###a0eng|d |
| 040 | |aCaOODSP|beng |
| 041 | |aeng|afre |
| 043 | |an-cn--- |
| 086 | 1 |aR1-99-PDF |
| 245 | 00|aChiefs and Indian band offices |h[electronic resource] / |cProgram Reference Centre = Chefs et bureaux de bandes indiennes / Centre de référence du programme. |
| 246 | 11|aChefs et bureaux de bandes indiennes |
| 260 | |a[Ottawa] : |bProgram Reference Centre, Indian and Inuit Affairs, |c[1986-1992?]. |
| 362 | 1 |aBegan with 1986? ceased with 1992? |
| 500 | |aDigitized edition from print [produced by Indigenous and Northern Affairs Canada]. |
| 546 | |aText in English and French. |
| 550 | |aIssues for 1991-1992 published by Lands, Revenues and Trusts, Band Governance. |
| 692 | 07|2gccst|aAboriginal peoples |
| 692 | 07|2gccst|aSelf government |
| 710 | 1 |aCanada. |bIndian and Northern Affairs Canada. |
| 710 | 2 |aIndian and Inuit Affairs Program (Canada) |
| 792 | |tChiefs and Indian band offices |efre|w(CaOODSP)9.846836 |